00482nam a2200157Ia 4500020001800000082002300018245005800041260004000099300001200139504001900151650002300170650002300193650001900216700002700235710006200262 a81-8370-038-1 a320.540954162 NAT- 0aNationality question in Assam: the EPW 1980-81 debate aNew DelhibAkansha Publishingc2006 axi, 227 aincludes index aNationalityzAssam aNationalismzAssam aAssam movement aAhmed, Abu Nasar Saied aOmeo Kumar Das Institute of Social Change and Development